Richtige Sachverhaltsfeststellung
| Autor principal: | |
|---|---|
| Tipo de documento: | Print Artículo |
| Lenguaje: | Alemán |
| Publicado: |
1996
|
| En: |
Monatsschrift für deutsches Recht
Año: 1996, Volumen: 50, Número: 5, Páginas: 436 - 438 |
| Disponibilidad en Tübingen: | Disponible en Tübingen. IFK: 8453 |
| Verificar disponibilidad: | HBZ Gateway |
| Palabras clave: |
MARC
| LEADER | 00000caa a2200000 c 4500 | ||
|---|---|---|---|
| 001 | 1621931307 | ||
| 003 | DE-627 | ||
| 005 | 20220606122155.0 | ||
| 007 | tu | ||
| 008 | 080404s1996 xx ||||| 00| ||ger c | ||
| 035 | |a (DE-627)1621931307 | ||
| 035 | |a (DE-576)278798691 | ||
| 035 | |a (DE-599)BSZ278798691 | ||
| 040 | |a DE-627 |b ger |c DE-627 |e rakwb | ||
| 041 | |a ger | ||
| 100 | 1 | |a Stimpfig, Jörg |4 aut | |
| 245 | 1 | 0 | |a Richtige Sachverhaltsfeststellung |c Jörg Stimpfig |
| 264 | 1 | |c 1996 | |
| 336 | |a Text |b txt |2 rdacontent | ||
| 337 | |a ohne Hilfsmittel zu benutzen |b n |2 rdamedia | ||
| 338 | |a Band |b nc |2 rdacarrier | ||
| 773 | 0 | 8 | |i In |t Monatsschrift für deutsches Recht |d Köln : O. Schmidt, 1947 |g 50(1996), 5, Seite 436 - 438 |w (DE-627)129492345 |w (DE-600)206500-9 |w (DE-576)01488786X |x 0340-1812 |7 nnas |
| 773 | 1 | 8 | |g volume:50 |g year:1996 |g number:5 |g pages:436 - 438 |
| 935 | |a mkri | ||
| 951 | |a AR | ||
| ELC | |b 1 | ||
| LOK | |0 000 xxxxxcx a22 zn 4500 | ||
| LOK | |0 001 3243093740 | ||
| LOK | |0 003 DE-627 | ||
| LOK | |0 004 1621931307 | ||
| LOK | |0 005 20160223094754 | ||
| LOK | |0 008 160208||||||||||||||||ger||||||| | ||
| LOK | |0 040 |a DE-21-110 |c DE-627 |d DE-21-110 | ||
| LOK | |0 689 |a s |a Beweiserhebung | ||
| LOK | |0 689 |a s |a Polizeiliche Vernehmung | ||
| LOK | |0 689 |a s |a Strafverfahren | ||
| LOK | |0 689 |a s |a Praxisregeln | ||
| LOK | |0 689 |a s |a Sachverhaltsfeststellung | ||
| LOK | |0 852 |a DE-21-110 | ||
| LOK | |0 852 1 |c 8453 |m p |9 00 | ||
| LOK | |0 935 |a k110 | ||
| LOK | |0 938 |k p | ||
| LOK | |0 939 |a 08-02-16 |b l01 | ||
| ORI | |a SA-MARC-krimdoka001.raw | ||
| SIG | |a IFK: 8453 | ||
